Random Members of the New York State Assembly by Picture - Statistics

General Stats
  • This quiz has been taken 99 times
  • The average score is 4 of 16
Answer Stats
Picture Answer % Correct
Anil Beephan
100%
Brian Miller
100%
Claire Valdez
100%
Didi Barrett
100%
Jarett Gandolfo
100%
Jenifer Rajkumar
100%
Joe Sempolinski
100%
Jonathan Jacobson
100%
Phillip Steck
100%
Phil Palmesano
100%
Edward Braunstein
50%
Grace Lee
50%
Albert Stirpe
0%
Alec Brook-Krasny
0%
Alex Bores
0%
Alicia Hyndman
0%
Al Taylor
0%
Amanda Septimo
0%
Amy Paulin
0%
Andrea Bailey
0%
Andrew Hevesi
0%
Andrew Molitor
0%
Angelo Morinello
0%
Angelo Santabarbara
0%
Anna Kelles
0%
Aron Wieder
0%
Billy Jones
0%
Brian Cunningham
0%
Brian Maher
0%
Brian Manktelow
0%
Carl Heastie
0%
Carrie Woerner
0%
Catalina Cruz
0%
Chantel Jackson
0%
Charles Fall
0%
Charles Lavine
0%
Chris Burdick
0%
Chris Eachus
0%
Christopher Friend
0%
Christopher Tague
0%
Clyde Vanel
0%
Crystal Peoples-Stokes
0%
Dana Levenberg
0%
Daniel Norber
0%
David DiPietro
0%
David McDonough
0%
David Weprin
0%
Deborah Glick
0%
Demond Meeks
0%
Donna Lupardo
0%
Douglas Smith
0%
Eddie Gibbs
0%
Ed Ra
0%
Emerita Torres
0%
Emily Gallagher
0%
Eric Brown
0%
Erik Dilan
0%
Gabriella Romero
0%
George Alvarez
0%
Harry Bronson
0%
Harvey Epstein
0%
Jaime Williams
0%
Jake Blumencranz
0%
Jeff Gallahan
0%
Jeffrey Dinowitz
0%
Jennifer Lunsford
0%
Jessica González-Rojas
0%
J. Gary Pretlow
0%
Jo Anne Simon
0%
Jodi Giglio
0%
Joe Angelino
0%
Joe DeStefano
0%
John Lemondes
0%
John McDonald
0%
John Mikulin
0%
John Zaccaro
0%
Jonathan Rivera
0%
Jordan Wright
0%
Josh Jensen
0%
Judy Griffin
0%
Kalman Yeger
0%
Karen McMahon
0%
Karines Reyes
0%
Karl Brabenec
0%
Keith Brown
0%
Ken Blankenbush
0%
Khaleel Anderson
0%
Kwani O'Pharrow
0%
Landon Dais
0%
Larinda Hooks
0%
Latrice Walker
0%
Lester Chang
0%
Linda Rosenthal
0%
Manny De Los Santos
0%
Marcela Mitaynes
0%
Marianne Buttenschon
0%
Maritza Davila
0%
Mary Beth Walsh
0%
MaryJane Shimsky
0%
Matt Simpson
0%
Matt Slater
0%
Micah Lasher
0%
Michael Benedetto
0%
Michael Durso
0%
Michael Fitzpatrick
0%
Michaelle Solages
0%
Michael Novakhov
0%
Michael Reilly
0%
Michael Tannousis
0%
Monique Chandler-Waterman
0%
Nader Sayegh
0%
Nikki Lucas
0%
Nily Rozic
0%
Noah Burroughs
0%
Pamela Hunter
0%
Patrick Burke
0%
Patrick Carroll
0%
Patrick Chludzinski
0%
Paula Kay
0%
Paul Bologna
0%
Phara Souffrant Forrest
0%
Philip Ramos
0%
Rebecca Kassay
0%
Rebecca Seawright
0%
Robert Carroll
0%
Robert Smullen
0%
Rodneyse Bichotte Hermelyn
0%
Ron Kim
0%
Sam Berger
0%
Sam Pirozzolo
0%
Sarahana Shrestha
0%
Sarah Clark
0%
Scott Bendett
0%
Scott Gray
0%
Simcha Eichenstein
0%
Stacey Pheffer Amato
0%
Stefani Zinerman
0%
Stephen Hawley
0%
Steven Otis
0%
Steven Raga
0%
Steve Stern
0%
Tommy Schiavoni
0%
Tony Simone
0%
Vivian Cook
0%
William A. Barclay
0%
William Colton
0%
William Conrad
0%
William Magnarelli
0%
Yudelka Tapia
0%
Zohran Mamdani
0%
No matching quizzes found
Score Distribution
Percent of People with Each Score
Percentile by Number Answered
Your Score History
You have not taken this quiz